00532nam a2200181 a 45000010010000000030011000100080041000210350026000620820016000881000023001042450032001272600045001596500008002049420012002129520091002249980020003159990015003350000-9113ELIB.Books110520 1989  a(ELIB.Books)0000-9262 a231.3 bHag aHagin , Kenneth E. aUnderstanding the Anointing bTulsa: Faith Library Publications c1989 aGod 2ddccBK 00102ddc4070aKBTSbKBTSd2011-05-20l0p12394r2022-01-22 00:00:00w2022-01-22yBK cbate2011-05-20 c9113d9113